00518nam a22001937a 450000500170000001000150001702000250003203500140005703700090007108200100008010000210009024500490011125000070016026000420016727000490020930000190025894200280027799900190030520250801151245.0 aENG-146299 a978819467312c375.00 aEN-129831 bDBAD a915.4 aOak, P.N.983616 aTAJMAHAL? NO! IT IS TEJO-MAHA-ALAYcP.N. Oak a01 aPUNEbAsawaree Patankar, UDGAARc2020 aUdgaar, PunebPUNEmsahitya@udgaarbharat.com a88p.c25cm(hb) 2ddccENh915.4mOAKe01 c212801d212801